| 000 | 00834nam a22002057a 4500 | ||
|---|---|---|---|
| 999 |
_c19051 _d19051 |
||
| 003 | AR-CdUCM | ||
| 008 | 190516b ||||| |||| 00| 0 spa d | ||
| 040 |
_aMUNICIPALIDAD PROVINCIAL DEL CUSCO _cBIBLIOTECA MUNICIPAL DEL CUSCO |
||
| 082 |
_a980 / _bS21 |
||
| 100 |
_aSantibáñez, Enrique _940123 |
||
| 245 |
_aHistoria de la América Latina : _bcompendiada desde los tiempos mas remotos hasta nuestros días y escrita / |
||
| 260 |
_aNueva York : _bD. Appleton y compañía, _c1918. |
||
| 300 |
_a257 páginas ; _bIlustraciones, _c18.5 cm. |
||
| 505 | _aContenido: Preliminares -- Tiempos prehistóricos -- Tiempos antiguos -- Tiempos intermediarios -- Tiempos modernos... | ||
| 650 |
_aHistoria _9136 |
||
| 650 |
_aTiempos antiguos _940124 |
||
| 650 |
_aTiempos modernos _940125 |
||
| 942 |
_2ddc _cLIBROS |
||
| 945 |
_aacv _d2019-05-16 |
||